000 00768nam a2200229 a 4500
001 000027198
003 OSt
005 20260321073641.0
008 110330s1969 dr 000 0 spa d
040 _aDO-SdBNP
_bspa
_cBNPHU
049 _aBNPD
082 _a923.15694
_bB742f
100 1 _aFernández de Ormaechea, Antonio
_954258
245 1 0 _aErrores y contradicciones en el ¨David¨ de Juan Bosch /
_cAntonio Fernández de Ormaechea.
260 _aMadrid :
_bParaninfo,
_c1969.
300 _a282 p. ;
_c22 cm.
600 1 4 _aDavid, Rey de Israel,
_d(1000-962 A.C.)
_xCritica e interpretación
_954259
600 1 0 _a Bosch, Juan,
_d1909-2001
_976555
650 0 _aLiteratura dominicana.
_967
910 _aValidado. Control de la calidad EMS.
942 _2ddc
_cLBS1
999 _c26690
_d26690